MDQL
is popping MORE tags! Check the
thread
!
Quizzes
Events
Quiz Creation
Community
Videos
Private Events
Remove Ads
Sign In
Join for FREE
Feedback
Dark Mode
Quiz Categories
Sports
Geography
Music
Movies
Television
Just For Fun
Miscellaneous
History
Literature
Language
Science
Gaming
Entertainment
Religion
Holiday
For Kids
Quiz Lab
Recent
Popular Today
Quiz Kudos Today
Editor Picks
Curator Picks
Quizzes by...
Day
Popularity
Type
Ratings
Length
Year
Community
Subscriptions
Recent Discussions
Orange Saloon
Badges
Playlists
Quests
Create
Leaderboards
Showdown
Live 5
Trivia Bingo
Activity
Puzzle Library
Sporcle Events
Private Events
Virtual Trivia
Globe League
Become a Host
Pub Owners
SporcleCon
Opinionation
Our Games
Videos
Blog
Mobile Apps
Partnerships
Remove Ads and Go Orange
Feedback
Sports
Athletes
MLB
NBA
NHL
NFL
Soccer
Sports Teams
WWE
NCAA
Football
Premier League
Basketball
Baseball
Hockey
Golf
Tennis
Cricket
Rugby
Auto Racing
Olympics
World Cup
Sports
Athletes
MLB
NBA
NHL
NFL
Soccer
Sports Teams
WWE
NCAA
Football
Premier League
Basketball
Baseball
Hockey
Golf
Tennis
Cricket
Rugby
Auto Racing
Olympics
World Cup
Random Quiz
Search Sporcle
×
Quiz Lab
Quiz Lab
Sports
Football
Type in answers that appear in a list
Type in answers that appear in a list
Classic
Best Score? Go Orange.
Donruss Rated Rookies (1991) Stats
Can you name the Donruss Rated Rookies for 1991?
By
bhurtik
8m
39 Questions
94 Plays
94 Plays
94 Plays
Comments
Comments
Give Quiz Kudos
Give Quiz Kudos
-
- Ratings
hide this ad
More Info
Replay
Link that replays current quiz
Next Quiz
Link to next quiz in quiz playlist
You Got
0%
They Got
Avg Score
27%
Avg Friend Score
Upgrade to see
Score Distribution
Jump to the score distribution portion of the page
Score
0/39
Timer
08:00
0
Plays Today
Position (Years in Majors)
Player
% Correct
1B (1990-
2005)
Tino Martinez
89.4%
OF (1990-
2002, 2004)
Ray Lankford
61.7%
2B (1991-
2002)
Chuck Knoblauch
56.4%
1B (1991-
2000, 2002-
2003)
Mo Vaughn
53.2%
OF (1991-
2001)
Derek Bell
51.1%
OF (1991-
2001)
Bernard Gilkey
46.8%
OF (1990-
2008)
Moises Alou
44.7%
SS (1990-
2002, 2004-
2005)
Jose Offerman
39.4%
2B (1990-
2000)
Mickey Morandini
38.3%
3B (1990-
1996)
Leo Gomez
36.2%
SS (1991-
2001)
Mark Lewis
35.1%
OF (1990-
1997)
Phil Plantier
31.9%
OF (1989-
1993, 1997-
1998)
Hensley Meulens
29.8%
C (1989-
2002)
Darrin Fletcher
27.7%
OF (1990-
1995)
Wes Chamberlain
23.4%
1B (1990, 1992-
2007)
Jeff Conine
23.4%
C (1990-
1993, 1995-
1996)
Steve Decker
23.4%
OF (1990)
Kevin Belcher
22.3%
C (1990-
1993, 1996)
Tim McIntosh
22.3%
P (1991)
Kevin Morton
21.3%
Position (Years in Majors)
Player
% Correct
OF (1990-
1996, 1998)
Milt Cuyler
21.3%
P (1991, 1993)
Terry Bross
19.1%
OF (1990-
1999)
Derrick May
19.1%
P (1990-
1994)
Brian Barnes
19.1%
P (1990-
1993, 1996)
Julio Valera
18.1%
3B (1990-
1997, 1999-
2005)
Dave Hansen
18.1%
P (1990-
1993, 1996-
2000)
Scott Aldred
18.1%
P (1990-
1991)
Steve Chitren
17%
OF (1989-
1990)
Steve Carter
17%
P (1990, 1993, 1995-
2002)
Rich Garces
17%
C (1992-
2004)
Greg Colbrunn
16%
P (1990)
Paul Marak
13.8%
P (1990-
1992)
Gerald Alexander
13.8%
SS (1989-
2000, 2002)
Mike Benjamin
12.8%
P (1990-
1992, 1994-
2000)
Eric Gunderson
11.7%
P (1990)
Lance Dickson
11.7%
P (1990-
1995)
Mike Gardiner
10.6%
OF (1990-
2001)
Turner Ward
10.6%
P (1990-
1999)
Rich DeLucia
8.5%
Quiz Playlist
Details
Report
Send in Message
Add To Playlist
More Info:
Years in Majors is over entire career, not just with team in 1991.
Classic:
Type in answers that appear in a list
Quiz Source
Last Updated: Feb 16, 2017
Quiz Scoreboard
CHALLENGE
Sign Up to Join the Scoreboard
Show All
Scores
Hide
Comments
May contain spoilers
Recently Published
1-10 Letter E Words III
by El_Dandy
Language
2m
Street Fighter Characters
by Artimus82
Gaming
60s
College Basketball Coaching Resumes
by pancakes188
Sports
9m
More to Explore
Quiz From the Vault
Featured Blog Post
Where Did the Easter Bunny Come From?
hide this ad
You Might Also Like...
Tags
Football Quiz
1991
donruss
major
Player
Rated
rookie
team
Today's Top Quizzes in Sports
Browse Sports
hide this ad
Today's Top Quizzes in Football
Browse Football
Top Contributed Quizzes in Sports
1
2022 World Cup Stars
2
Les meilleurs buteurs des matchs entre le PSG et l’OM
3
FIFA Club World Cup Champions
4
Les entraîneurs de l'OM et du PSG au 21e siècle
5
Criteria MLB: Left Handed Sluggers
6
2023 MLB Unique Player Accomplishments
7
AFC Teams Reveal (Wrong Answers Minefield)
8
Players with Multiple 50 Home Run Seasons
9
5-to-1: FBS Animal Nicknames
10
5-to-1: UK Sports Teams
Explore More
Trending Topics
NBA
Harry Potter
Disney
Crossword
Anime
Marvel
Kpop
Pokémon
Soccer
NFL
Puzzle
The Office
WWE
Country
Song
hide this ad
More By:
bhurtik
Quiz
Plays
Rating
Category
Featured
Created
Seattle Mariners HR Leaders per Season
6,208
4.45
Sports
Jan 11, 2010
Minnesota Twins HR leaders by Year
2,770
4.50
Sports
Feb 10, 2010
Sporting equipment logos
2,648
4.18
Sports
Jul 11, 2010
Texas Rangers home run leaders
1,416
4.75
Sports
Jan 11, 2010
Houston Astros HR leaders by year
1,100
4.33
Sports
Mar 20, 2010
Go to Creator's Profile
Score Distribution
Quiz Creator Spotlight
bhurtik
Follow
Send a Message
Quizzes Created
-
Created Quiz Play Count
-
More By This Creator
Popular Quizzes Today
1
Find the US States - No Outlines Minefield
2
Find the Countries of Europe - No Outlines Minefield
3
The Countries of the World
4
Find the US States
5
Risky Map Clicking: Biggest States A-Z
6
US States
7
Popular People in 1961
8
Movies - When Are They Set?
More Sports Quizzes
MLB National League MVP Runners-Up (1980s)
Quiz Lab
Trending Quizzes
Risky Map Clicking: Least Populous States A-Z
1-10 Letter G Words
USA Borders Longest to Shortest
1-10 Letter F Words
Countries of the World: 200 Million BC
Recently Updated
Leaping Animals
pecheneg
Reality TV Shows (A-Z)
bhenderson79
Rickey Henderson's Hall of Fame Teammates
pecheneg
Champions League XIs: Arsenal
pecheneg
Quick Pick: Celebrities in WWE's Hall of Fame
aduchscher
A-Z Keypad Blitz II
pecheneg
Multiple Oscar Actors
pecheneg
Mystery Phrase Blitz: Oscar 'Best Actors'
pecheneg
F. Scott Fitzgerald Novels
LTH
Pick 3 Villains
ddd62291
Trending Topics
Crossword
Kpop
Anime
Marvel
NBA
Disney
Harry Potter
The Office
Pokémon
Puzzle
WWE
Song
NFL
Soccer
Country
Your Account Isn't Verified!
In order to create a playlist on Sporcle, you need to verify the email address you used during registration. Go to your
Sporcle Settings
to finish the process.
Report this User
Report this user for behavior that violates our
Community Guidelines
.
Details:
Send Report
Go to the Sporcle.com Mobile Site →
Comments